Statistiques concernant Quizz sur les Grues

Cliquez ici pour prendre le quiz!

Statistiques générales

  • Ce quiz a été pris 13 fois
  • Le résultat moyen est 4 sur 10

Statistiques - réponses

InfoRéponse% Correct
Type d'animal du même nomoiseau
85%
décennie d'invention des grues1940
77%
Nom du responsable de la grueGrutier
77%
nombre de type de grue20
62%
1er pays fabricant de grues dans le mondeChine
31%
poids total d'une des plus grande grue du monde4500 tonnes
15%
nom du processus de lestagecontrepoids
15%
inventeur des grues à tourFaustin Potain
15%
nombre de grues dans le monde ( environ )200 000
8%
charge maxi en bout de flèche140 tonnes
0%

Distribution des résultats

Percentile par nombre de réponses

% des personnes avec chaque résultat

Votre développement - résultats

Vous n’avez pas pris ce quiz